La prenda cambiaria: el endoso en garantía

Salvato in:
Dettagli Bibliografici
Autore principale: Viguera Rubio, José María (Autore)
Natura: Libro
Lingua:spagnolo
Pubblicazione: Madrid Civitas 1994
Serie:Colección Cuadernos Civitas
Soggetti:
Tags: Aggiungi Tag
Nessun Tag, puoi essere il primo ad aggiungerne!!

MARC

LEADER 00000nam a2200000 a 4500
001 UCQ9013
003 CL-VaPUC
008 981218e19940000SP |||||||||||||||||spa|d
082 0 4 |a 346.096  |b VIG  |2 21 
100 0 |a Viguera Rubio, José María  |e author  |9 423427 
245 1 3 |a La prenda cambiaria: el endoso en garantía 
300 |a 148 p 
942 |c BK 
945 |d 19981218 00:00:00  |a aarredon 
260 |a Madrid  |b Civitas  |c 1994 
650 0 |a Derecho comercial   |9 256340 
650 0 |a Cheque  |9 257249 
650 7 |a ENDOSO  |2 CL-VaPUC  |9 423428 
650 7 |a PROTESTO DE LETRA DE CAMBIO  |2 CL-VaPUC  |9 423429 
650 7 |a GARANTIA  |2 CL-VaPUC  |9 423430 
650 0 |a Derecho bancario  |9 258094 
650 0 |a Operaciones bancarias   |9 337857 
650 7 |a AVAL  |2 CL-VaPUC  |9 386293 
650 7 |a LETRA DE CAMBIO  |2 CL-VaPUC  |9 257958 
650 7 |a CREDITOS  |2 CL-VaPUC  |9 423431 
583 |a last modification  |c 19981218 00:00:00  |k Rodrigo Vera 
490 0 |a Colección Cuadernos Civitas 
999 |c 278175  |d 278173 
952 |0 0  |1 0  |4 0  |6 346_096000000000000_VIG_1994  |7 0  |8 A  |9 316599  |a BIBDER  |b BIBDER  |d 2019-11-20  |i 3492303  |o 346.096 VIG 1994  |p 3492303  |r 2023-01-25  |w 2019-11-20  |y BK  |k DER